000 02390cam a2200433 i 4500
001 data
005 20260322212116.0
008 data
035 _a21852951
906 _a7
_bcbc
_corignew
_d1
_eecip
_f20
_gy-gencatlg
925 0 _aacquire
_b1 shelf copy
_xpolicy default
955 _fxk04 2025-05-29 to CMD
010 _a 2020057928
020 _a9781681375823
_qacid-free paper)
_qacid-free paper)
020 _z9781681376042
_q(ebook)
040 _aDLC
_beng
_erda
_cDLC
_dDLC
042 _alcac
_alcac
050 0 0 _aPZ8.P96
_bPr 2021
082 0 0 _a[Fic]
_223
100 1 _aProvensen, Alice,
_eillustrator.
_eillustrator.
245 1 4 _aThe Provensen book of fairy tales /
_ccompiled and illustrated by Alice and Martin Provensen.
264 1 _aNew York :
_bNew York Review of Books,
_c[2021]
300 _a138 pages :
_bcolor illustrations ;
_c29 cm
336 _atext
_btxt
_2rdacontent
336 _astill image
_bsti
_2rdacontent
337 _aunmediated
_bn
_2rdamedia
338 _avolume
_bnc
_2rdacarrier
490 0 _a[New York Review Children's Collection]
500 _aOriginally published: New York : Random House, 1971.
505 0 _aThe lost half-hour / by Henry Beston -- The nightingale / by Hans Christian Andersen -- Beauty and the beast / by Arthur Rackham -- Feather o' my wing / by Seumas Macmanus -- The seven Simons / by Ruth Manning-Sanders -- The prince and the goose girl / by Elinor Mordaunt -- The forest bride / by Parker Fillmore -- Prince Rabbit / by A. A. Milne -- The three wishes / by Barbara Leonie Picard -- The Swan Maiden / by Howard Pyle -- The dreamer / by Katharine Pyle -- The Happy Prince / by Oscar Wilde.
520 _aA collection of twelve well-known fairy tales, retellings, and newly-imagined tales, collected and illustrated by the award-winning husband-and-wife author-illustrator team, Alice and Martin Provensen.
521 _aAges 8-12.
_bNew York Review Books.
521 _aGrades 4-6.
_bNew York Review Books.
650 0 _aFairy tales.
650 1 _aFairy tales.
655 7 _aFairy tales.
_2lcgft
700 1 _aProvensen, Martin,
_eillustrator.
_eillustrator.
776 0 8 _iOnline version:
_aProvensen, Alice.
_tThe Provensen book of fairy tales.
_dNew York : New York Review Books, [2021]
_z9781681376042
_w(DLC) 2020057929
999 _c1756
_d1756